Game of Thrones TV Quotes Quiz Stats

 Plays Quiz Updated Jul 13, 2017

Challenge
Share
Tweet
Embed
Score 0/26 Timer 05:00
5 Plays Today
Quote Character % Correct
'I never loved my brothers. Sad thing for a king to admit, but true. You were the brother I chose.'Robert
88%
'I did warn you not to trust me.' Petyr
85.8%
'I'm not a cripple.' Bran
85%
'I am the dragon! I want my crown!'Viserys
83%
'There are five pups. One for each of the Stark children.'Jon
78.6%
'I have never been nothing. I am the blood of the dragon.'Daenerys
78.2%
'I should wear the armour, and you the gown.'Cersei
77.9%
'War was easier than daughters.'Ned
77.7%
'As soon as you've had your blood I'll put a son in you.'Joffrey
77.7%
'It's the family name that lives on. That's all that lives on. Not your personal glory, not your honour, but family.'Tywin
76.1%
'A mind needs a book like a sword needs a whetstone.'Tyrion
74.2%
'He was no dragon. Fire cannot kill a dragon.'Daenerys
69.2%
'Everyone knew what this place was like and no one told me. No one but you. My father knew and left me to rot at the Wall all the same.'Jon
67.7%
Quote Character % Correct
'Tell me, which do you favour, your fingers or your tongue?'Joffrey
67%
'I'm good at killing fat boys. I like killing fat boys.'Arya
65.2%
'There are no men like me. Only me.'Jaime
63.1%
'He said the same thing he'd been saying for hours. Burn them all.'Jaime
61.5%
'What do we say to the God of Death?'Syrio
60%
'Out, damn you, I'm done with you! Go, run back to Winterfell! I'll have your head on a spike!'Robert
56.4%
'If we do it your way Kingslayer, you'd win. We're not doing it your way.'Robb
56.4%
'You think my life is such a precious thing to me, that I would trade my honour for a few more years... of what?'Ned
55.9%
'I always wanted to be a wizard.' Sam
49.8%
'Or maybe he'll give me yours.'Sansa
49.4%
'You don't fight with honour!'Lysa
44.9%
'How would you like to die, Tyrion, son of Tywin?'Shagga
34.5%
'I am not a murderer Lannister.'Catelyn
33.9%

You're not logged in!

Compare scores with friends on all Sporcle quizzes.
Join for Free
OR
Log In

You Might Also Like...

Show Comments

Extras

Top Quizzes Today


Score Distribution

Your Account Isn't Verified!

In order to create a playlist on Sporcle, you need to verify the email address you used during registration. Go to your Sporcle Settings to finish the process.

Report this User

Report this user for behavior that violates our Community Guidelines.

Details: